000
00315nam a2200133Ia 4500
008
220613s9999||||xx |||||||||||||| ||und||
100
_a
J David Spence
245
0
_a
Stock Prevention Treatment and Rehabilitation
250
_a
2012
260
_b
Mc Graw Hill
300
_a
306
650
_a
Medicine
942
_c
MEDI
999
_c
9685
_d
9685